书目信息 |
| 题名: |
开口吧,孩子
|
|
| 作者: | 陈淑芬 著 | |
| 分册: | ||
| 出版信息: | 上海 东方出版中心 2018.06 |
|
| 页数: | 15, 186页 | |
| 开本: | 21cm | |
| 丛书名: | ||
| 单 册: | ||
| 中图分类: | G766 | |
| 科图分类: | ||
| 主题词: | 孤独症--儿童教育--特殊教育 | |
| 电子资源: | ||
| ISBN: | 978-7-5473-1286-5 | |
| 000 | 01006nam0 2200253 450 | |
| 001 | 0103152647 | |
| 005 | 20201103152730.0 | |
| 010 | @a978-7-5473-1286-5@dCNY35.00 | |
| 100 | @a20181129e20202018em y0chiy50 ea | |
| 101 | 0 | @achi |
| 102 | @aCN@b310000 | |
| 105 | @aa z 000yy | |
| 106 | @ar | |
| 200 | 1 | @a开口吧,孩子@Akai kou ba,hai zi@e特教妈妈的六堂课@f陈淑芬著 |
| 210 | @a上海@c东方出版中心@d2018.06@h2020.07 | |
| 215 | @a15, 186页@c图@d21cm | |
| 305 | @a经厦门墨客知识产权代理有限公司代理,由联合文学出版社股份有限公司授权出版 | |
| 330 | @a本书是一部关于自闭症孩子的特殊教育读物。作者试图用关于爱与牵挂的六堂课,将她与患有自闭症的儿子一起生活、一起摸索、一起成长的故事,通过细腻真诚的文字表现出来,以此来翻转人们对特殊教育与自闭症孩子的定义。 | |
| 517 | 1 | @a特教妈妈的六堂课@Ate jiao ma ma de liu tang ke |
| 606 | 0 | @a孤独症@x儿童教育@x特殊教育 |
| 690 | @aG766@v5 | |
| 701 | 0 | @a陈淑芬@Achen shu fen@c(女,@f1960-)@4著 |
| 801 | 0 | @aCN@bBJSZM@c20201103 |
| 905 | @b1255991-5@dG766@e148@f5 | |
| 开口吧,孩子:特教妈妈的六堂课/陈淑芬著.-上海:东方出版中心,2018.06(2020.07) |
| 15, 186页:图;21cm |
| ISBN 978-7-5473-1286-5:CNY35.00 |
| 本书是一部关于自闭症孩子的特殊教育读物。作者试图用关于爱与牵挂的六堂课,将她与患有自闭症的儿子一起生活、一起摸索、一起成长的故事,通过细腻真诚的文字表现出来,以此来翻转人们对特殊教育与自闭症孩子的定义。 |
| ● |
| 相关链接 |
|
|
|
|
正题名:开口吧,孩子
索取号:G766/148
 
预约/预借
| 序号 | 登录号 | 条形码 | 馆藏地/架位号 | 状态 | 备注 |
| 1 | 1255991 | 212559916 | 第一样本阅览室/ [索取号:G766/148] | 在馆 | |
| 2 | 1255992 | 212559925 | 教育系资料室/ [索取号:G766/148] | 在馆 | |
| 3 | 1255993 | 212559934 | 教育系资料室/ [索取号:G766/148] | 在馆 | |
| 4 | 1255994 | 212559943 | 第四借阅区/ [索取号:G766/148] | 在馆 | |
| 5 | 1255995 | 212559952 | 第四借阅区/ [索取号:G766/148] | 在馆 |